000 01342nam a2200253Ia 4500
999 _c42266
_d42266
001 8961
003 GE_BSU
005 20211122125129.0
008 181216s2005||||ge |||||||||||||| ||geo||
020 _a9994016601
040 _cGE_BSU
041 _ageo
080 _a341 მ-20
100 _aმალანჩუკი, პიტერ
_912994
245 _aაკეჰარსტის თანამედროვე საერთაშორისო სამართალი /
_c [მთარგმნ.: თამარ თომაშვილი, ნოდარ მანჩხაშვილი, ირინე მელიქიშვილი და სხვ. ; რედ.: ლალი ქადაგიძე, ანა ჭაბაშვილი].
250 _aმე-7 შესწ. გამოც.
264 _aთბილისი :
_bდიოგენე,
_c2005.
300 _a464 გვ.;
_b28 სმ.
653 _a საერთაშორისო სამართალი
700 _aთომაშვილი, თამარ და სხვ.
_eმთარგმნელი
_912995
700 _aქადაგიძე, ლალი
_eრედაქტორი
_910069
700 _aჭაბაშვილი, ანა
_eრედაქტორი
_9995
942 _cBK
_2udc